Social - democracia y clases sociales

Guardado en:
Bibliografiske detaljer
Hovedforfatter: Ungo, Guillermo Manuel
Format: Texto
Udgivet: Heredia: CEDAL
Tags: Tilføj Tag
Ingen Tags, Vær først til at tagge denne postø!

MARC

LEADER 00000 a a2200000 04500
001 17988
003
040
090 |a 006600  
100 |a Ungo, Guillermo Manuel  
245 |a Social - democracia y clases sociales  
260 |a Heredia:   |b CEDAL  
300 |a 18 p.  
999 |c 12671  |d 12671